| 000 | 00478 a2200205 4500 | ||
|---|---|---|---|
| 260 | _bEd. Cujas | ||
| 245 | _aL'Europe solidaire : les problèmes | ||
| 300 | _a487p. | ||
| 260 | _aParis | ||
| 650 | _aUnion Européenne : solidarité : critique | ||
| 260 | _c1970 | ||
| 300 | _b23cm | ||
| 100 | _lFr | ||
| 630 | _a33 - Economie - Economie politique | ||
| 037 | _aDE 5994 | ||
| 650 | _a3 - SCIENCES SOCIALES | ||
| 100 | _aMarchal, André | ||
| 999 |
_c44145 _d44145 |
||